[Event "Open"]
[Site "Saint Louis, US"]
[Date "2025.10.22"]
[Round "9"]
[White "So, Wesley"]
[Black "Sevian, Samuel"]
[Result "1/2-1/2"]
[Board "5"]
[WhiteFideId "5202213"]
[BlackFideId "2040506"]
[WhiteTitle "GM"]
[BlackTitle "GM"]
[WhiteElo "2756"]
[BlackElo "2698"]
[WhiteTeam "USA"]
[BlackTeam "USA"]
[WhiteClock "0:18:19"]
[BlackClock "0:07:44"]
[Variant "Standard"]

1. d4 {[%clk 1:30:40]}  Nf6 {[%clk 1:30:34]} 2. c4 {[%clk 1:31:02]}  e6 {[%clk 1:30:45]} 3. Nc3 {[%clk 1:31:11]}  Bb4 {[%clk 1:31:06]} 4. Qc2 {[%clk 1:30:57]}  d5 {[%clk 1:31:29]} 5. a3 {[%clk 1:31:58]}  Bxc3+ {[%clk 1:31:49]} 6. Qxc3 {[%clk 1:32:23]}  O-O {[%clk 1:32:03]} 7. e3 {[%clk 1:32:46]}  b6 {[%clk 1:26:38]} 8. Nf3 {[%clk 1:33:05]}  Bb7 {[%clk 1:23:55]} 9. b3 {[%clk 1:33:23]}  Nbd7 {[%clk 1:23:43]} 10. Be2 {[%clk 1:33:39]}  Rc8 {[%clk 1:21:21]} 11. O-O {[%clk 1:33:21]}  c5 {[%clk 1:21:19]} 12. Rd1 {[%clk 1:33:10]}  dxc4 {[%clk 1:13:07]} 13. bxc4 {[%clk 1:33:33]}  cxd4 {[%clk 1:01:29]} 14. exd4 {[%clk 1:24:28]}  b5 {[%clk 1:05:31]} 15. c5 {[%clk 1:21:22]}  Bc6 {[%clk 1:04:18]} 16. Rb1 {[%clk 1:12:26]}  a6 {[%clk 1:02:14]} 17. Ne1 {[%clk 1:01:42]}  Be4 {[%clk 0:57:39]} 18. Ra1 {[%clk 0:57:45]}  Nb6 {[%clk 0:54:45]} 19. Bg5 {[%clk 0:53:57]}  Bg6 {[%clk 0:42:35]} 20. Bf3 {[%clk 0:40:56]}  Nbd5 {[%clk 0:39:01]} 21. Qb3 {[%clk 0:39:13]}  Qc7 {[%clk 0:35:24]} 22. Bxf6 {[%clk 0:35:29]}  Nxf6 {[%clk 0:35:46]} 23. a4 {[%clk 0:35:46]}  Rb8 {[%clk 0:27:25]} 24. axb5 {[%clk 0:36:10]}  axb5 {[%clk 0:27:49]} 25. Nd3 {[%clk 0:32:18]}  Bxd3 {[%clk 0:26:25]} 26. Qxd3 {[%clk 0:32:30]}  Rfd8 {[%clk 0:26:14]} 27. Rab1 {[%clk 0:32:42]}  Nd5 {[%clk 0:15:25]} 28. Bxd5 {[%clk 0:29:53]}  Rxd5 {[%clk 0:15:50]} 29. Rxb5 {[%clk 0:30:18]}  Rbd8 {[%clk 0:15:47]} 30. Qb3 {[%clk 0:15:45]}  g6 {[%clk 0:09:06]} 31. g3 {[%clk 0:12:22]}  Rxd4 {[%clk 0:09:11]} 32. Rc1 {[%clk 0:09:49]}  Rd3 {[%clk 0:09:23]} 33. Qb1 {[%clk 0:10:07]}  Qc6 {[%clk 0:06:36]} 34. Rb6 {[%clk 0:09:18]}  Qf3 {[%clk 0:03:36]} 35. Rb8 {[%clk 0:08:55]}  Qc6 {[%clk 0:02:20]} 36. h4 {[%clk 0:07:08]}  h5 {[%clk 0:02:26]} 37. Rxd8+ {[%clk 0:02:54]}  Rxd8 {[%clk 0:02:54]} 38. Qb6 {[%clk 0:03:16]}  Rc8 {[%clk 0:02:29]} 39. Qxc6 {[%clk 0:02:42]}  Rxc6 {[%clk 0:02:58]} 40. Kg2 {[%clk 0:03:03]}  Kf8 {[%clk 0:02:19]} 41. Kf3 {[%clk 0:03:28]}  Ke7 {[%clk 0:27:32]} 42. Ke4 {[%clk 0:32:33]}  Rc8 {[%clk 0:17:20]} 43. Kd4 {[%clk 0:30:44]}  Rd8+ {[%clk 0:17:41]} 44. Kc4 {[%clk 0:30:38]}  Rd2 {[%clk 0:14:40]} 45. f4 {[%clk 0:30:45]}  f6 {[%clk 0:14:10]} 46. Ra1 {[%clk 0:29:46]}  e5 {[%clk 0:13:23]} 47. fxe5 {[%clk 0:23:06]}  fxe5 {[%clk 0:13:51]} 48. Ra7+ {[%clk 0:23:23]}  Ke6 {[%clk 0:14:13]} 49. Ra6+ {[%clk 0:23:47]}  Kf5 {[%clk 0:14:25]} 50. c6 {[%clk 0:23:46]}  Ke6 {[%clk 0:09:14]} 51. Ra8 {[%clk 0:19:20]}  Rc2+ {[%clk 0:09:15]} 52. Kb5 {[%clk 0:19:46]}  e4 {[%clk 0:08:41]} 53. Re8+ {[%clk 0:19:39]}  Kd6 {[%clk 0:06:49]} 54. Rxe4 {[%clk 0:14:33]}  Rc5+ {[%clk 0:06:54]} 55. Kb4 {[%clk 0:15:00]}  Rxc6 {[%clk 0:07:19]} 56. Rc4 {[%clk 0:15:12]}  Rxc4+ {[%clk 0:04:35]} 57. Kxc4 {[%clk 0:15:37]}  Ke5 {[%clk 0:05:03]} 58. Kd3 {[%clk 0:16:04]}  Kf5 {[%clk 0:05:31]} 59. Ke3 {[%clk 0:16:32]}  Kg4 {[%clk 0:05:57]} 60. Kf2 {[%clk 0:16:59]}  g5 {[%clk 0:06:22]} 61. hxg5 {[%clk 0:17:25]}  Kxg5 {[%clk 0:06:48]} 62. Kg2 {[%clk 0:17:52]}  h4 {[%clk 0:07:16]} 63. gxh4+ {[%clk 0:18:19]}  Kxh4 {[%clk 0:07:44]} 1/2-1/2

[Event "Open"]
[Site "Saint Louis, US"]
[Date "2025.10.22"]
[Round "9"]
[White "Swiercz, Dariusz"]
[Black "Oparin, Grigoriy"]
[Result "1/2-1/2"]
[Board "6"]
[WhiteFideId "1126881"]
[BlackFideId "24125890"]
[WhiteTitle "GM"]
[BlackTitle "GM"]
[WhiteElo "2577"]
[BlackElo "2661"]
[WhiteTeam "USA"]
[BlackTeam "USA"]
[WhiteClock "0:17:27"]
[BlackClock "0:54:50"]
[Variant "Standard"]

1. e4 {[%clk 1:30:57]}  c5 {[%clk 1:30:56]} 2. Nf3 {[%clk 1:31:22]}  e6 {[%clk 1:31:22]} 3. c3 {[%clk 1:31:44]}  d5 {[%clk 1:31:42]} 4. exd5 {[%clk 1:32:10]}  Qxd5 {[%clk 1:32:08]} 5. d4 {[%clk 1:32:33]}  Nf6 {[%clk 1:32:02]} 6. Na3 {[%clk 1:32:53]}  Nc6 {[%clk 1:31:20]} 7. Be3 {[%clk 1:31:15]}  Ng4 {[%clk 1:30:12]} 8. Bc4 {[%clk 1:30:42]}  Nxe3 {[%clk 1:30:03]} 9. fxe3 {[%clk 1:30:22]}  Qd8 {[%clk 1:30:19]} 10. d5 {[%clk 1:26:12]}  exd5 {[%clk 1:30:42]} 11. Qxd5 {[%clk 1:26:34]}  Qxd5 {[%clk 1:30:59]} 12. Bxd5 {[%clk 1:27:03]}  f6 {[%clk 1:30:49]} 13. Nb5 {[%clk 1:12:12]}  Rb8 {[%clk 1:30:39]} 14. O-O-O {[%clk 1:11:17]}  Ke7 {[%clk 1:29:56]} 15. h4 {[%clk 0:26:01]}  a6 {[%clk 1:06:59]} 16. Na3 {[%clk 0:26:10]}  Kd6 {[%clk 1:05:54]} 17. Nc4+ {[%clk 0:22:28]}  Kc7 {[%clk 1:06:19]} 18. e4 {[%clk 0:22:50]}  b5 {[%clk 0:57:57]} 19. Ne3 {[%clk 0:23:03]}  Bd6 {[%clk 0:58:09]} 20. Nf5 {[%clk 0:16:56]}  Bxf5 {[%clk 0:50:01]} 21. exf5 {[%clk 0:17:23]}  Ne5 {[%clk 0:50:28]} 22. Nxe5 {[%clk 0:15:36]}  Bxe5 {[%clk 0:50:54]} 23. Be6 {[%clk 0:15:50]}  Rhd8 {[%clk 0:51:20]} 24. Kc2 {[%clk 0:14:45]}  Rxd1 {[%clk 0:51:29]} 25. Rxd1 {[%clk 0:15:11]}  Rd8 {[%clk 0:51:56]} 26. Rxd8 {[%clk 0:15:31]}  Kxd8 {[%clk 0:52:23]} 27. c4 {[%clk 0:15:14]}  b4 {[%clk 0:52:46]} 28. b3 {[%clk 0:15:21]}  Kc7 {[%clk 0:53:14]} 29. Kd3 {[%clk 0:15:41]}  Kc6 {[%clk 0:53:39]} 30. Bd5+ {[%clk 0:16:05]}  Kc7 {[%clk 0:54:05]} 31. Be6 {[%clk 0:16:32]}  Kc6 {[%clk 0:54:32]} 32. Bd5+ {[%clk 0:17:00]}  Kc7 {[%clk 0:54:58]} 33. Be6 {[%clk 0:17:27]}  Kc6 {[%clk 0:54:50]} 1/2-1/2

[Event "Open"]
[Site "Saint Louis, US"]
[Date "2025.10.23"]
[Round "10"]
[White "Liang, Awonder"]
[Black "Robson, Ray"]
[Result "1-0"]
[Board "1"]
[WhiteFideId "2056437"]
[BlackFideId "2023970"]
[WhiteTitle "GM"]
[BlackTitle "GM"]
[WhiteElo "2710"]
[BlackElo "2664"]
[WhiteTeam "USA"]
[BlackTeam "USA"]
[WhiteClock "0:23:40"]
[BlackClock "0:04:13"]
[Variant "Standard"]

1. e4 {[%clk 1:31:00]}  c5 {[%clk 1:30:39]} 2. Nf3 {[%clk 1:31:28]}  d6 {[%clk 1:30:54]} 3. d4 {[%clk 1:31:57]}  cxd4 {[%clk 1:31:09]} 4. Nxd4 {[%clk 1:32:22]}  Nf6 {[%clk 1:31:27]} 5. Nc3 {[%clk 1:32:47]}  a6 {[%clk 1:31:43]} 6. Qd3 {[%clk 1:33:12]}  Nbd7 {[%clk 1:28:38]} 7. f3 {[%clk 1:33:41]}  e6 {[%clk 1:24:32]} 8. Bd2 {[%clk 1:34:08]}  h5 {[%clk 1:15:27]} 9. O-O-O {[%clk 1:34:30]}  b5 {[%clk 1:11:22]} 10. a3 {[%clk 1:34:58]}  Bb7 {[%clk 1:00:55]} 11. Kb1 {[%clk 1:35:07]}  Rc8 {[%clk 0:58:55]} 12. Qe3 {[%clk 1:35:29]}  g6 {[%clk 0:53:30]} 13. Nb3 {[%clk 1:26:46]}  Qc7 {[%clk 0:51:07]} 14. Be1 {[%clk 1:25:24]}  Be7 {[%clk 0:47:25]} 15. Be2 {[%clk 1:18:24]}  h4 {[%clk 0:34:33]} 16. Rf1 {[%clk 1:14:00]}  Nc5 {[%clk 0:25:05]} 17. g4 {[%clk 0:54:11]}  hxg3 {[%clk 0:20:46]} 18. hxg3 {[%clk 0:54:34]}  Nfd7 {[%clk 0:18:17]} 19. Rc1 {[%clk 0:48:08]}  Qb6 {[%clk 0:14:46]} 20. Nxc5 {[%clk 0:35:44]}  Qxc5 {[%clk 0:13:43]} 21. Qd3 {[%clk 0:33:40]}  Ne5 {[%clk 0:11:46]} 22. Qd1 {[%clk 0:33:37]}  Rh2 {[%clk 0:06:51]} 23. Bd2 {[%clk 0:29:59]}  Nc4 {[%clk 0:05:04]} 24. Bxc4 {[%clk 0:30:14]}  Qxc4 {[%clk 0:05:28]} 25. Rh1 {[%clk 0:30:39]}  Rxh1 {[%clk 0:05:05]} 26. Qxh1 {[%clk 0:31:07]}  Kd7 {[%clk 0:01:25]} 27. Qh7 {[%clk 0:30:23]}  Qd4 {[%clk 0:01:11]} 28. Qh2 {[%clk 0:26:34]}  Kc7 {[%clk 0:00:41]} 29. Rd1 {[%clk 0:26:51]}  Rh8 {[%clk 0:00:40]} 30. Qg2 {[%clk 0:26:00]}  Qc4 {[%clk 0:00:33]} 31. Bf4 {[%clk 0:25:19]}  g5 {[%clk 0:00:33]} 32. Be3 {[%clk 0:25:39]}  Kb8 {[%clk 0:00:36]} 33. Qd2 {[%clk 0:25:46]}  g4 {[%clk 0:00:32]} 34. fxg4 {[%clk 0:26:00]}  Rg8 {[%clk 0:00:35]} 35. Qf2 {[%clk 0:24:25]}  Rg7 {[%clk 0:00:32]} 36. g5 {[%clk 0:19:18]}  Qc8 {[%clk 0:00:32]} 37. Qd2 {[%clk 0:13:02]}  Rg8 {[%clk 0:00:32]} 38. Qf2 {[%clk 0:08:10]}  Rf8 {[%clk 0:00:47]} 39. Rh1 {[%clk 0:05:05]}  f5 {[%clk 0:00:33]} 40. Rh7 {[%clk 0:04:29]}  fxe4 {[%clk 0:00:36]} 41. Rf7 {[%clk 0:03:10]}  Rxf7 {[%clk 0:19:04]} 42. Qxf7 {[%clk 0:33:20]}  Qf8 {[%clk 0:18:55]} 43. Qxe6 {[%clk 0:29:54]}  Bc8 {[%clk 0:14:29]} 44. Qxe4 {[%clk 0:29:38]}  Qf1+ {[%clk 0:14:11]} 45. Ka2 {[%clk 0:30:06]}  Qf7+ {[%clk 0:12:09]} 46. b3 {[%clk 0:30:01]}  Qg7 {[%clk 0:10:28]} 47. Qd3 {[%clk 0:29:18]}  Bb7 {[%clk 0:09:04]} 48. Bf4 {[%clk 0:29:18]}  Kc8 {[%clk 0:08:40]} 49. Nd5 {[%clk 0:27:52]}  Kd8 {[%clk 0:07:58]} 50. Nxe7 {[%clk 0:28:07]}  Qxe7 {[%clk 0:07:54]} 51. g6 {[%clk 0:26:11]}  Ke8 {[%clk 0:06:45]} 52. Bxd6 {[%clk 0:26:18]}  Qe4 {[%clk 0:06:56]} 53. g7 {[%clk 0:25:29]}  Kf7 {[%clk 0:07:15]} 54. Qc3 {[%clk 0:25:53]}  Kg8 {[%clk 0:05:31]} 55. Qc7 {[%clk 0:26:07]}  Bc6 {[%clk 0:05:34]} 56. Kb1 {[%clk 0:25:55]}  Qe8 {[%clk 0:04:09]} 57. Be5 {[%clk 0:26:13]}  Bd7 {[%clk 0:04:27]} 58. Kb2 {[%clk 0:26:28]}  a5 {[%clk 0:04:52]} 59. Qd6 {[%clk 0:26:16]}  a4 {[%clk 0:05:15]} 60. bxa4 {[%clk 0:25:56]}  bxa4 {[%clk 0:05:43]} 61. c4 {[%clk 0:25:49]}  Be6 {[%clk 0:05:21]} 62. Kc3 {[%clk 0:25:56]}  Qf7 {[%clk 0:03:46]} 63. Qd8+ {[%clk 0:24:16]}  Kh7 {[%clk 0:04:14]} 64. Qf6 {[%clk 0:24:33]}  Qd7 {[%clk 0:04:08]} 65. c5 {[%clk 0:24:12]}  Bg8 {[%clk 0:04:24]} 66. Bf4 {[%clk 0:23:39]}  Qh3 {[%clk 0:04:13]} 67. Qh4+ {[%clk 0:23:40]} 1-0

[Event "Open"]
[Site "Saint Louis, US"]
[Date "2025.10.23"]
[Round "10"]
[White "Sevian, Samuel"]
[Black "Niemann, Hans Moke"]
[Result "1-0"]
[Board "2"]
[WhiteFideId "2040506"]
[BlackFideId "2093596"]
[WhiteTitle "GM"]
[BlackTitle "GM"]
[WhiteElo "2698"]
[BlackElo "2738"]
[WhiteTeam "USA"]
[BlackTeam "USA"]
[WhiteClock "0:00:49"]
[BlackClock "0:01:05"]
[Variant "Standard"]

1. d4 {[%clk 1:30:54]}  Nf6 {[%clk 1:30:50]} 2. c4 {[%clk 1:31:13]}  e6 {[%clk 1:31:13]} 3. Nc3 {[%clk 1:31:23]}  Bb4 {[%clk 1:31:29]} 4. f3 {[%clk 1:31:37]}  d5 {[%clk 1:29:42]} 5. a3 {[%clk 1:31:43]}  Be7 {[%clk 1:30:00]} 6. e4 {[%clk 1:31:52]}  dxe4 {[%clk 1:30:17]} 7. fxe4 {[%clk 1:32:15]}  c5 {[%clk 1:30:37]} 8. d5 {[%clk 1:32:07]}  exd5 {[%clk 1:30:57]} 9. exd5 {[%clk 1:32:29]}  O-O {[%clk 1:31:16]} 10. Bd3 {[%clk 1:32:11]}  Re8 {[%clk 1:26:25]} 11. Nge2 {[%clk 1:31:58]}  Bg4 {[%clk 1:19:26]} 12. O-O {[%clk 1:31:18]}  Nbd7 {[%clk 1:19:31]} 13. h3 {[%clk 1:27:46]}  Bxe2 {[%clk 1:15:59]} 14. Bxe2 {[%clk 1:25:33]}  Bd6 {[%clk 1:14:43]} 15. Bf4 {[%clk 1:16:06]}  Qb6 {[%clk 1:09:44]} 16. Qc2 {[%clk 1:09:39]}  a6 {[%clk 1:03:55]} 17. Bd3 {[%clk 1:02:51]}  Re7 {[%clk 0:57:45]} 18. Bg5 {[%clk 0:55:44]}  h6 {[%clk 0:53:00]} 19. Bh4 {[%clk 0:52:27]}  Rae8 {[%clk 0:51:32]} 20. Rae1 {[%clk 0:44:14]}  Be5 {[%clk 0:50:12]} 21. Kh1 {[%clk 0:39:30]}  Bb8 {[%clk 0:42:52]} 22. Bf2 {[%clk 0:18:49]}  Nh5 {[%clk 0:42:38]} 23. Rxe7 {[%clk 0:16:28]}  Rxe7 {[%clk 0:43:01]} 24. Ne4 {[%clk 0:15:32]}  f5 {[%clk 0:41:37]} 25. Be2 {[%clk 0:14:37]}  Nf4 {[%clk 0:15:06]} 26. Ng3 {[%clk 0:14:23]}  Nxe2 {[%clk 0:14:23]} 27. Nxe2 {[%clk 0:14:50]}  Qd6 {[%clk 0:14:31]} 28. Bg1 {[%clk 0:13:44]}  g6 {[%clk 0:12:45]} 29. Nf4 {[%clk 0:06:02]}  Re4 {[%clk 0:13:04]} 30. Ne6 {[%clk 0:03:46]}  Qe5 {[%clk 0:12:07]} 31. Qb3 {[%clk 0:03:16]}  b6 {[%clk 0:05:42]} 32. a4 {[%clk 0:01:09]}  Bd6 {[%clk 0:04:49]} 33. a5 {[%clk 0:01:11]}  bxa5 {[%clk 0:04:15]} 34. Qb7 {[%clk 0:01:10]}  Nf8 {[%clk 0:04:25]} 35. Nxf8 {[%clk 0:01:16]}  Kxf8 {[%clk 0:04:37]} 36. Qc8+ {[%clk 0:00:40]}  Kg7 {[%clk 0:04:50]} 37. Qb7+ {[%clk 0:01:08]}  Bc7 {[%clk 0:02:40]} 38. Qc6 {[%clk 0:00:35]}  Re3 {[%clk 0:01:48]} 39. d6 {[%clk 0:00:47]}  Bxd6 {[%clk 0:01:38]} 40. Rd1 {[%clk 0:01:16]}  Be7 {[%clk 0:00:37]} 41. Bxe3 {[%clk 0:29:31]}  Qxe3 {[%clk 0:31:02]} 42. Qxa6 {[%clk 0:23:04]}  Qe2 {[%clk 0:31:15]} 43. Rb1 {[%clk 0:22:47]}  Qe4 {[%clk 0:29:31]} 44. Rc1 {[%clk 0:17:46]}  Qe5 {[%clk 0:17:40]} 45. Qxa5 {[%clk 0:15:12]}  Qxb2 {[%clk 0:18:04]} 46. Re1 {[%clk 0:15:03]}  Qb7 {[%clk 0:18:02]} 47. Qb5 {[%clk 0:13:06]}  Qc7 {[%clk 0:17:43]} 48. Qa6 {[%clk 0:09:48]}  h5 {[%clk 0:04:32]} 49. Re6 {[%clk 0:06:59]}  Kf7 {[%clk 0:03:16]} 50. Qc6 {[%clk 0:06:27]}  Qa7 {[%clk 0:03:27]} 51. Qd5 {[%clk 0:05:43]}  Kg7 {[%clk 0:03:28]} 52. Qe5+ {[%clk 0:05:55]}  Kf7 {[%clk 0:03:51]} 53. Rc6 {[%clk 0:05:56]}  Qd7 {[%clk 0:04:02]} 54. Qd5+ {[%clk 0:06:19]}  Qxd5 {[%clk 0:04:29]} 55. cxd5 {[%clk 0:06:47]}  g5 {[%clk 0:01:46]} 56. Kg1 {[%clk 0:00:37]}  g4 {[%clk 0:01:36]} 57. Kf1 {[%clk 0:01:04]}  f4 {[%clk 0:01:41]} 58. d6 {[%clk 0:00:34]}  Bf8 {[%clk 0:01:05]} 59. d7 {[%clk 0:00:49]} 1-0

[Event "Open"]
[Site "Saint Louis, US"]
[Date "2025.10.23"]
[Round "10"]
[White "Swiercz, Dariusz"]
[Black "So, Wesley"]
[Result "0-1"]
[Board "3"]
[WhiteFideId "1126881"]
[BlackFideId "5202213"]
[WhiteTitle "GM"]
[BlackTitle "GM"]
[WhiteElo "2577"]
[BlackElo "2756"]
[WhiteTeam "USA"]
[BlackTeam "USA"]
[WhiteClock "0:00:34"]
[BlackClock "0:02:10"]
[Variant "Standard"]

1. Nf3 {[%clk 1:30:55]}  d5 {[%clk 1:30:29]} 2. b3 {[%clk 1:31:21]}  Bg4 {[%clk 1:26:29]} 3. Bb2 {[%clk 1:29:12]}  Nd7 {[%clk 1:25:34]} 4. e3 {[%clk 1:27:51]}  e6 {[%clk 1:25:20]} 5. h3 {[%clk 1:25:21]}  Bh5 {[%clk 1:25:42]} 6. d3 {[%clk 1:25:14]}  h6 {[%clk 1:24:44]} 7. Nbd2 {[%clk 1:25:03]}  Ngf6 {[%clk 1:25:00]} 8. g4 {[%clk 1:14:04]}  Bg6 {[%clk 1:25:26]} 9. Rg1 {[%clk 1:14:32]}  Bd6 {[%clk 1:21:50]} 10. h4 {[%clk 1:14:41]}  Qe7 {[%clk 1:20:24]} 11. Bh3 {[%clk 0:55:07]}  Ba3 {[%clk 1:15:59]} 12. Qc1 {[%clk 0:55:22]}  Bxb2 {[%clk 1:16:14]} 13. Qxb2 {[%clk 0:55:51]}  O-O-O {[%clk 1:16:24]} 14. a4 {[%clk 0:34:48]}  a5 {[%clk 1:08:34]} 15. Qc3 {[%clk 0:29:21]}  Qb4 {[%clk 1:07:57]} 16. Qxb4 {[%clk 0:29:43]}  axb4 {[%clk 1:08:25]} 17. Ke2 {[%clk 0:28:06]}  c5 {[%clk 1:06:21]} 18. Nh2 {[%clk 0:19:14]}  Bh7 {[%clk 0:59:50]} 19. f4 {[%clk 0:18:05]}  g5 {[%clk 0:59:39]} 20. Raf1 {[%clk 0:16:21]}  Rdg8 {[%clk 0:59:09]} 21. fxg5 {[%clk 0:03:20]}  hxg5 {[%clk 0:59:28]} 22. h5 {[%clk 0:03:48]}  Kd8 {[%clk 0:57:54]} 23. Rf2 {[%clk 0:03:37]}  Ke7 {[%clk 0:57:47]} 24. Rgf1 {[%clk 0:03:44]}  Rf8 {[%clk 0:49:46]} 25. Bg2 {[%clk 0:01:24]}  Ne8 {[%clk 0:48:38]} 26. e4 {[%clk 0:01:17]}  dxe4 {[%clk 0:49:01]} 27. Bxe4 {[%clk 0:01:07]}  Nd6 {[%clk 0:49:07]} 28. Bxh7 {[%clk 0:01:09]}  Rxh7 {[%clk 0:49:09]} 29. Nhf3 {[%clk 0:01:32]}  f6 {[%clk 0:42:13]} 30. Ne4 {[%clk 0:01:46]}  Nf7 {[%clk 0:42:28]} 31. Rg1 {[%clk 0:00:55]}  Nh6 {[%clk 0:41:13]} 32. Rfg2 {[%clk 0:00:35]}  Rc8 {[%clk 0:33:40]} 33. Rf2 {[%clk 0:00:54]}  Rf7 {[%clk 0:28:02]} 34. Rff1 {[%clk 0:00:33]}  Rff8 {[%clk 0:27:51]} 35. Rf2 {[%clk 0:00:51]}  Nb6 {[%clk 0:27:16]} 36. c4 {[%clk 0:01:17]}  bxc3 {[%clk 0:26:33]} 37. Nxc3 {[%clk 0:01:44]}  Rcd8 {[%clk 0:26:45]} 38. Rfg2 {[%clk 0:00:42]}  Rd7 {[%clk 0:21:56]} 39. Rd1 {[%clk 0:00:33]}  Rfd8 {[%clk 0:22:08]} 40. Rgg1 {[%clk 0:00:33]}  Nd5 {[%clk 0:18:17]} 41. Nxd5+ {[%clk 0:00:50]}  Rxd5 {[%clk 0:18:45]} 42. Rd2 {[%clk 0:14:02]}  R8d6 {[%clk 0:47:20]} 43. b4 {[%clk 0:14:14]}  cxb4 {[%clk 0:41:27]} 44. Rb1 {[%clk 0:14:31]}  Nxg4 {[%clk 0:30:20]} 45. Rxb4 {[%clk 0:14:59]}  Nh6 {[%clk 0:30:43]} 46. Rxb7+ {[%clk 0:15:26]}  Rd7 {[%clk 0:31:12]} 47. Rdb2 {[%clk 0:10:17]}  g4 {[%clk 0:26:09]} 48. Nh4 {[%clk 0:10:36]}  Rxh5 {[%clk 0:26:22]} 49. Ng6+ {[%clk 0:11:02]}  Ke8 {[%clk 0:26:34]} 50. Rxd7 {[%clk 0:05:59]}  Kxd7 {[%clk 0:26:44]} 51. Rb7+ {[%clk 0:05:01]}  Kc6 {[%clk 0:25:14]} 52. Rh7 {[%clk 0:05:21]}  Rh3 {[%clk 0:17:47]} 53. Nf4 {[%clk 0:00:49]}  Rf3 {[%clk 0:12:32]} 54. Nxe6 {[%clk 0:00:51]}  Nf5 {[%clk 0:12:33]} 55. Nd8+ {[%clk 0:00:48]}  Kd6 {[%clk 0:10:41]} 56. a5 {[%clk 0:00:46]}  Nd4+ {[%clk 0:08:12]} 57. Ke1 {[%clk 0:00:50]}  g3 {[%clk 0:07:57]} 58. Rg7 {[%clk 0:01:11]}  Nf5 {[%clk 0:08:14]} 59. Rg8 {[%clk 0:00:33]}  Rxd3 {[%clk 0:07:50]} 60. a6 {[%clk 0:00:44]}  Ra3 {[%clk 0:07:22]} 61. Rg6 {[%clk 0:01:13]}  Ra1+ {[%clk 0:05:35]} 62. Ke2 {[%clk 0:01:34]}  Kd5 {[%clk 0:05:25]} 63. a7 {[%clk 0:00:35]}  Ra2+ {[%clk 0:03:54]} 64. Kd3 {[%clk 0:00:54]}  Rxa7 {[%clk 0:03:16]} 65. Rxf6 {[%clk 0:01:19]}  Ke5 {[%clk 0:03:45]} 66. Re6+ {[%clk 0:00:32]}  Kf4 {[%clk 0:04:13]} 67. Re8 {[%clk 0:00:32]}  g2 {[%clk 0:03:15]} 68. Ne6+ {[%clk 0:00:44]}  Kf3 {[%clk 0:03:14]} 69. Rg8 {[%clk 0:00:32]}  Rd7+ {[%clk 0:02:42]} 70. Kc3 {[%clk 0:00:36]}  Ng7 {[%clk 0:01:59]} 71. Ng5 {[%clk 0:00:31]}  Kg4 {[%clk 0:01:51]} 72. Ne4 {[%clk 0:00:34]}  Rc7+ {[%clk 0:02:10]} 0-1

[Event "Open"]
[Site "Saint Louis, US"]
[Date "2025.10.23"]
[Round "10"]
[White "Oparin, Grigoriy"]
[Black "Aronian, Levon"]
[Result "1/2-1/2"]
[Board "4"]
[WhiteFideId "24125890"]
[BlackFideId "13300474"]
[WhiteTitle "GM"]
[BlackTitle "GM"]
[WhiteElo "2661"]
[BlackElo "2722"]
[WhiteTeam "USA"]
[BlackTeam "USA"]
[WhiteClock "0:59:22"]
[BlackClock "1:29:35"]
[Variant "Standard"]

1. c4 {[%clk 1:30:55]}  Nf6 {[%clk 1:30:46]} 2. Nc3 {[%clk 1:31:20]}  e6 {[%clk 1:31:12]} 3. e4 {[%clk 1:31:38]}  d5 {[%clk 1:31:39]} 4. cxd5 {[%clk 1:31:58]}  exd5 {[%clk 1:32:04]} 5. e5 {[%clk 1:32:25]}  d4 {[%clk 1:32:31]} 6. exf6 {[%clk 1:32:23]}  dxc3 {[%clk 1:32:57]} 7. Bb5+ {[%clk 1:32:44]}  Nc6 {[%clk 1:33:23]} 8. Qe2+ {[%clk 1:33:04]}  Be6 {[%clk 1:33:48]} 9. dxc3 {[%clk 1:33:29]}  Qxf6 {[%clk 1:34:14]} 10. Nf3 {[%clk 1:33:20]}  Bd6 {[%clk 1:34:38]} 11. Nd4 {[%clk 1:33:24]}  O-O {[%clk 1:34:32]} 12. Nxe6 {[%clk 1:33:42]}  Rfe8 {[%clk 1:34:48]} 13. Bc4 {[%clk 1:33:53]}  Na5 {[%clk 1:35:14]} 14. Bg5 {[%clk 1:33:35]}  Qg6 {[%clk 1:34:35]} 15. Bd3 {[%clk 1:33:59]}  Qxe6 {[%clk 1:35:01]} 16. Qxe6 {[%clk 1:34:24]}  Rxe6+ {[%clk 1:35:27]} 17. Kd2 {[%clk 1:34:51]}  h6 {[%clk 1:35:38]} 18. Be3 {[%clk 1:34:38]}  Nc6 {[%clk 1:36:03]} 19. Rae1 {[%clk 1:25:37]}  Ne5 {[%clk 1:35:10]} 20. Be2 {[%clk 1:25:58]}  Rd8 {[%clk 1:33:29]} 21. Kc2 {[%clk 1:25:24]}  Rg6 {[%clk 1:33:50]} 22. g3 {[%clk 1:00:10]}  Ng4 {[%clk 1:32:50]} 23. Bc4 {[%clk 1:00:26]}  Nxe3+ {[%clk 1:32:39]} 24. Rxe3 {[%clk 1:00:53]}  Rf6 {[%clk 1:33:01]} 25. f4 {[%clk 0:59:02]}  Kf8 {[%clk 1:31:26]} 26. a4 {[%clk 0:57:24]}  Re8 {[%clk 1:29:04]} 27. Rxe8+ {[%clk 0:55:44]}  Kxe8 {[%clk 1:29:05]} 28. Re1+ {[%clk 0:56:10]}  Kf8 {[%clk 1:29:24]} 29. a5 {[%clk 0:55:43]}  g5 {[%clk 1:29:49]} 30. fxg5 {[%clk 0:56:05]}  Rf2+ {[%clk 1:30:13]} 31. Re2 {[%clk 0:56:29]}  Rxe2+ {[%clk 1:30:39]} 32. Bxe2 {[%clk 0:56:56]}  hxg5 {[%clk 1:31:04]} 33. Bf3 {[%clk 0:57:17]}  b6 {[%clk 1:28:34]} 34. a6 {[%clk 0:57:25]}  f5 {[%clk 1:28:59]} 35. Kd3 {[%clk 0:56:30]}  g4 {[%clk 1:29:14]} 36. Bb7 {[%clk 0:56:43]}  Ke7 {[%clk 1:28:55]} 37. Bc8 {[%clk 0:56:42]}  f4 {[%clk 1:27:42]} 38. gxf4 {[%clk 0:57:06]}  Bxf4 {[%clk 1:28:09]} 39. Bxg4 {[%clk 0:57:32]}  Bxh2 {[%clk 1:28:34]} 40. Bh3 {[%clk 0:57:59]}  Bg3 {[%clk 1:28:58]} 41. Bg4 {[%clk 0:58:26]}  Bh2 {[%clk 1:29:23]} 42. Bh3 {[%clk 0:58:54]}  Bg3 {[%clk 1:29:42]} 43. Bg4 {[%clk 0:59:22]}  Bh2 {[%clk 1:29:35]} 1/2-1/2